00305nam a22000977a 4500020001800000082001600018100001700034245011500051260003200166300000900198 a0-442-21579-7 a658.5 CRI'S aCRINER, E. A aSUCCESSFUL COST REDUCTION PRORAMS FOR ENGINEERS AND MANAGERS, COSTS INDUSTRIAL COST CONROL ENGINEERING ECONOMY aNEWYORKbVAN NOSTRANDc1983 a375P